| 000 | 00755nam a22002417a 4500 | ||
|---|---|---|---|
| 001 | 4510 | ||
| 003 | DO-SdBNP | ||
| 005 | 20171212151624.0 | ||
| 007 | 4510 | ||
| 008 | 160616b 1984 cl. ||||| |||| 00| 0 spa d | ||
| 020 | _a8482763938 | ||
| 040 |
_aBPMSU _bspa _cBPMSU |
||
| 100 | _aLott, Richard W. | ||
| 240 | _a Auditing the data processing function de Richard W. Lott | ||
| 245 |
_aAdutoria y control del procesamiento de datos / _cRichard W. Lott ; traducción Henry Arango D. |
||
| 260 |
_aColombia : _bNorma, _c1981 |
||
| 300 |
_a184 p. : _bil. ; _c22 cm. |
||
| 500 | _aIncluye Índice | ||
| 700 |
_aArango D., Henry _etr. |
||
| 942 |
_2ddc _cBK |
||
| 945 | _aInventariado extranjero 2017 / YL | ||
| 956 |
_aVMATEO _b10 _c20160616 _dBPMSU _f0069 |
||
| 999 |
_c10417 _d10417 |
||